| 000 | 01147nam a2200301Ia 4500 | ||
|---|---|---|---|
| 001 | ebr10114302 | ||
| 003 | CaPaEBR | ||
| 006 | m u | ||
| 007 | cr cn||||||||| | ||
| 008 | 040519s2006 maua s 001 0 eng d | ||
| 020 | _z9780080488462 | ||
| 020 | _z1597492515 | ||
| 040 |
_aCaPaEBR _cCaPaEBR |
||
| 035 | _a(OCoLC)560038730 | ||
| 050 | 1 | 4 |
_aQA76.9.C55 _bP55 2006eb |
| 082 | 0 | 4 |
_a004/.36 _222 |
| 100 | 1 |
_aPiltzecker, Tony, _d1975- |
|
| 245 | 1 | 0 |
_aHow to cheat at managing microsoft operations manager 2005 _h[electronic resource] / _cTony Piltzecker et al. |
| 260 |
_aRockland, MA : _bSyngress Publishing, _cc2006. |
||
| 300 |
_axxvi, 467 p. : _bill. |
||
| 500 | _aIncludes index. | ||
| 533 |
_aElectronic reproduction. _bPalo Alto, Calif. : _cebrary, _d2009. _nAvailable via World Wide Web. _nAccess may be limited to ebrary affiliated libraries. |
||
| 650 | 0 | _aClient/server computing. | |
| 650 | 0 | _aDatabase management. | |
| 655 | 7 |
_aElectronic books. _2local |
|
| 710 | 2 | _aebrary, Inc. | |
| 856 | 4 | 0 |
_uhttp://site.ebrary.com/lib/rucke/Doc?id=10114302 _zAn electronic book accessible through the World Wide Web; click to view |
| 999 |
_c209959 _d209959 |
||